New Challenges for Risk Management in the Digital Economy and Digital Markets

Digitálne technológie formujú novú digitálnu identitu vo všetkých oblastiach života. Vysvetlenie pojmu relevantného trhu pod vplyvom nových podmienok. Požiadavky na bilaterálne trhy - základné prvky. Rozhodovací proces - teórie.

Salvato in:
Dettagli Bibliografici
Autore principale: Hocman, František, 1983-
Natura: Capitolo di libro
Lingua:inglese
Soggetti:
Tags: Aggiungi Tag
Nessun Tag, puoi essere il primo ad aggiungerne!!

MARC

LEADER 00000naa$a2200000$$$4500
001 0271761
005 20240502083827.4
041 0 |a eng 
044 |a PL 
245 1 0 |a New Challenges for Risk Management in the Digital Economy and Digital Markets  |c František Hocman 
520 |a Digitálne technológie formujú novú digitálnu identitu vo všetkých oblastiach života. Vysvetlenie pojmu relevantného trhu pod vplyvom nových podmienok. Požiadavky na bilaterálne trhy - základné prvky. Rozhodovací proces - teórie. 
610 2 0 |a riadenie rizík 
610 2 0 |a ekonomika nová 
610 2 0 |a digitalizácia 
610 2 0 |a trhy 
610 2 0 |a rozhodovanie 
100 1 |a Hocman, František, 1983-